[Event "CAN op"]
[Site "Hamilton CAN"]
[Date "2022.07.13"]
[Round "3.15"]
[White "Ouellet, Maili-Jade"]
[Black "Bui, Alan"]
[Result "1-0"]
[WhiteElo "2361"]
[BlackElo "2097"]
[PlyCount "65"]
[EventDate "2022.07.12"]
[EventType "swiss"]
[EventRounds "9"]
[EventCountry "CAN"]

1. d4 d5 2. c4 c6 3. Nf3 Nf6 4. Nc3 e6 5. Bg5 dxc4 6. e4 b5 7. e5 h6 8. Bh4 g5
9. exf6 gxh4 10. Ne5 Bb7 11. Nxf7 Qxf6 12. Nxh8 Qxh8 13. Qh5+ Kd7 14. Qxh4 Na6
15. Be2 Nb4 16. O-O Be7 17. Qe4 a6 18. Bg4 Kc7 19. Qxe6 Re8 20. Qd7+ Kb8 21.
Bh5 Rg8 22. Qxe7 Nd3 23. Ne4 c5 24. dxc5 Qd4 25. Ng3 Bxg2 26. Kxg2 Qd5+ 27. Kg1
Qxh5 28. Qd6+ Ka8 29. Qxa6+ Kb8 30. Qxb5+ Ka7 31. Qb6+ Ka8 32. c6 Rg7 33. Qb7+
1-0

[Event "CAN op"]
[Site "Hamilton CAN"]
[Date "2022.07.13"]
[Round "3.17"]
[White "Leonard, Anthony"]
[Black "Dukic, Zachary"]
[Result "0-1"]
[WhiteElo "2097"]
[BlackElo "2353"]
[PlyCount "53"]
[EventDate "2022.07.12"]
[EventType "swiss"]
[EventRounds "9"]
[EventCountry "CAN"]

1. e4 c5 2. Nf3 Nc6 3. d4 cxd4 4. Nxd4 Nf6 5. Nc3 e5 6. Ndb5 d6 7. Bg5 a6 8.
Na3 b5 9. Nd5 Be7 10. Bxf6 Bxf6 11. c3 Ne7 12. Nxf6+ gxf6 13. Qf3 f5 14. exf5
Bxf5 15. Bd3 Bxd3 16. Qxd3 Qb6 17. Nc2 d5 18. Ne3 Rd8 19. O-O O-O 20. Rfd1 f5
21. Nf1 f4 22. a4 e4 23. Qd4 Qe6 24. axb5 axb5 25. Qa7 Rd7 26. Ra6 Qg4 27. Qb6
0-1

[Event "CAN op"]
[Site "Hamilton CAN"]
[Date "2022.07.13"]
[Round "3.18"]
[White "Rek, Slava"]
[Black "Demchenko, Kyrylo"]
[Result "1-0"]
[WhiteElo "2331"]
[BlackElo "2109"]
[PlyCount "75"]
[EventDate "2022.07.12"]
[EventType "swiss"]
[EventRounds "9"]
[EventCountry "CAN"]

1. d4 d5 2. c4 e6 3. Nc3 Nf6 4. Nf3 Nbd7 5. Bf4 Bb4 6. Qb3 Bxc3+ 7. bxc3 O-O 8.
e3 c6 9. Be2 Ne4 10. Qc2 Qa5 11. Rc1 b5 12. O-O Ba6 13. c5 Rfe8 14. Bd3 f5 15.
Ne5 Nxe5 16. Bxe5 Bc8 17. f3 Ng5 18. a4 Bd7 19. axb5 cxb5 20. Ra1 Qd8 21. Ra6
Nf7 22. Bg3 Bc8 23. Ra3 Bd7 24. Rb1 a6 25. Qa2 Qc8 26. Ra1 Bc6 27. Rxa6 Qd7 28.
Qb1 Rxa6 29. Rxa6 g6 30. Rb6 Ra8 31. Bxb5 Bxb5 32. Rxb5 Kg7 33. h4 Ra1 34. Qxa1
Qxb5 35. Kh2 g5 36. Qa7 Qe2 37. Be5+ Kf8 38. Bf6 1-0

[Event "CAN op"]
[Site "Hamilton CAN"]
[Date "2022.07.13"]
[Round "3.19"]
[White "Gavrilin, Roman"]
[Black "Drkulec, Vladimir"]
[Result "1-0"]
[WhiteElo "2235"]
[BlackElo "2020"]
[PlyCount "107"]
[EventDate "2022.07.12"]
[EventType "swiss"]
[EventRounds "9"]
[EventCountry "CAN"]

1. e4 e5 2. Nf3 Nc6 3. Bb5 g6 4. d4 exd4 5. Bg5 f6 6. Bf4 Bb4+ 7. c3 dxc3 8.
Nxc3 Nge7 9. Bh6 d5 10. Bg7 Bxc3+ 11. bxc3 Rg8 12. Bxf6 Kf7 13. e5 h6 14. Qd2
Qf8 15. O-O Be6 16. Nd4 Nxd4 17. cxd4 h5 18. Rfc1 c6 19. Bd3 Bf5 20. Rab1 Rb8
21. Rb3 Bxd3 22. Rxd3 Nf5 23. h4 Ke6 24. f3 Kd7 25. g4 Nd6 26. Qf4 Nc4 27. e6+
Kc8 28. e7 Qe8 29. Be5 Ra8 30. Qf6 b5 31. Qe6+ Kb7 32. Bf6 a5 33. Re1 Kb6 34.
Kg2 b4 35. Bg5 Rg7 36. Qf6 Rh7 37. Re6 hxg4 38. fxg4 a4 39. Qxg6 Rf7 40. Rf3
Rxf3 41. Qxe8 Rxe8 42. Kxf3 b3 43. axb3 axb3 44. Re1 b2 45. Rb1 Kb5 46. Kf4 Ka4
47. Kf5 Rb8 48. Ke6 Ka3 49. Kd7 Ka2 50. Re1 Nb6+ 51. Kc7 Rc8+ 52. Kxb6 b1=Q+
53. Rxb1 Kxb1 54. Kb7 1-0

[Event "CAN op"]
[Site "Hamilton CAN"]
[Date "2022.07.13"]
[Round "3.20"]
[White "Sharma, Vishruth"]
[Black "Han, Johnathan"]
[Result "1-0"]
[WhiteElo "2106"]
[BlackElo "2232"]
[PlyCount "79"]
[EventDate "2022.07.12"]
[EventType "swiss"]
[EventRounds "9"]
[EventCountry "CAN"]

1. e4 c5 2. Nf3 d6 3. d4 cxd4 4. Nxd4 Nf6 5. Nc3 a6 6. f3 e6 7. Be3 b5 8. Qd2
Bb7 9. g4 Nfd7 10. O-O-O Nb6 11. a3 N8d7 12. f4 Nc5 13. Bd3 Rc8 14. f5 e5 15.
Nde2 Nba4 16. Kb1 Nxc3+ 17. Nxc3 Be7 18. g5 f6 19. h4 Rc7 20. Rhg1 Qa8 21. Rg4
Bc6 22. h5 Qb7 23. h6 gxh6 24. gxh6 a5 25. Qg2 b4 26. Rg8+ Rxg8 27. Qxg8+ Bf8
28. axb4 axb4 29. Nd5 Bxd5 30. exd5 Nxd3 31. Rxd3 Re7 32. Bd2 Qb5 33. Qg4 e4
34. Rd4 Qf1+ 35. Ka2 e3 36. Bxb4 e2 37. Re4 Kd7 38. Re6 Rf7 39. Qc4 Kd8 40.
Ba5+ 1-0

[Event "CAN op"]
[Site "Hamilton CAN"]
[Date "2022.07.13"]
[Round "3.21"]
[White "Wang, Derek"]
[Black "Zhang, Yuanchen"]
[Result "0-1"]
[WhiteElo "1934"]
[BlackElo "2464"]
[PlyCount "114"]
[EventDate "2022.07.12"]
[EventType "swiss"]
[EventRounds "9"]
[EventCountry "CAN"]

1. Nf3 Nf6 2. d4 e6 3. c4 d5 4. Bg5 Bb4+ 5. Nc3 h6 6. Bd2 O-O 7. e3 b6 8. Bd3
dxc4 9. Bxc4 Bb7 10. O-O Nbd7 11. Qe2 Bd6 12. Ba6 Bxa6 13. Qxa6 e5 14. dxe5
Nxe5 15. Nxe5 Bxe5 16. Qe2 Qe7 17. Rfd1 Qe6 18. h3 c5 19. Rac1 a6 20. b3 b5 21.
Nb1 Rac8 22. Bc3 Ne4 23. Bb2 Bxb2 24. Qxb2 b4 25. Rc4 Rfd8 26. Qc2 f5 27. Rd3
Rxd3 28. Qxd3 Rc6 29. f3 Nd6 30. Rc1 c4 31. bxc4 Rxc4 32. Rd1 Nb5 33. Qb3 Nc3
34. Re1 Nxb1 35. Rxb1 a5 36. Kf2 Kf7 37. Rd1 Rc3 38. Qxe6+ Kxe6 39. Rd2 a4 40.
Rd4 Rc2+ 41. Kg3 b3 42. axb3 axb3 43. Rb4 b2 44. e4 fxe4 45. fxe4 Kd6 46. Rb8
Ke5 47. Rb4 g5 48. Kg4 Rxg2+ 49. Kh5 Rh2 50. Kg4 Re2 51. Kf3 Rc2 52. Kg4 Rd2
53. Kh5 Kd6 54. Kxh6 Kc5 55. Rb8 Rd6+ 56. Kxg5 Rb6 57. Rc8+ Kb5 0-1

[Event "CAN op"]
[Site "Hamilton CAN"]
[Date "2022.07.13"]
[Round "3.22"]
[White "Klein, Gernot"]
[Black "Talukdar, Rohan"]
[Result "0-1"]
[WhiteElo "1925"]
[BlackElo "2457"]
[PlyCount "51"]
[EventDate "2022.07.12"]
[EventType "swiss"]
[EventRounds "9"]
[EventCountry "CAN"]

1. e4 e6 2. Qe2 c5 3. Nf3 Nc6 4. g3 g6 5. Bg2 Bg7 6. c3 Nge7 7. O-O O-O 8. Re1
e5 9. d3 h6 10. Na3 d6 11. Nc2 f5 12. exf5 Bxf5 13. Nh4 Be6 14. d4 cxd4 15.
cxd4 g5 16. Nf3 Bg4 17. h3 Bxf3 18. Bxf3 exd4 19. h4 Ne5 20. Nxd4 gxh4 21. Bf4
hxg3 22. Bxg3 Nxf3+ 23. Nxf3 Nf5 24. Rad1 Qf6 25. Qe6+ Qxe6 26. Rxe6 0-1

[Event "CAN op"]
[Site "Hamilton CAN"]
[Date "2022.07.13"]
[Round "3.23"]
[White "Lazarev, Shon"]
[Black "Hua, Eugene"]
[Result "0-1"]
[WhiteElo "1924"]
[BlackElo "2392"]
[PlyCount "102"]
[EventDate "2022.07.12"]
[EventType "swiss"]
[EventRounds "9"]
[EventCountry "CAN"]

1. d4 Nf6 2. c4 e6 3. g3 c5 4. d5 d6 5. Nc3 g6 6. Bg2 e5 7. e4 Bg7 8. Nge2 O-O
9. h3 a6 10. a4 h6 11. g4 Nh7 12. Ng3 Qh4 13. Qd3 Bf6 14. O-O Bg5 15. f4 exf4
16. Bxf4 Bxf4 17. Rxf4 Nd7 18. Nce2 Ne5 19. Qc3 Bd7 20. a5 Rab8 21. Ra3 b5 22.
axb6 Rxb6 23. Nf1 Rfb8 24. b3 Ng5 25. Nc1 h5 26. Nh2 hxg4 27. hxg4 Bxg4 28. Ra2
Nh3+ 29. Bxh3 Qxh3 30. Qxh3 Bxh3 31. Nf3 Nxf3+ 32. Rxf3 Bg4 33. Rg3 Bd7 34. Kf2
Kg7 35. Re3 Rh8 36. Kg2 Rh5 37. Ne2 Rh8 38. Ra3 Re8 39. Kf3 Bc8 40. Ra5 Kf6 41.
Kf2 Bg4 42. Nc1 Kg5 43. Ra2 Rh8 44. Kg2 f6 45. Ra5 Rb7 46. Nd3 Rbh7 47. Nf2
Rh2+ 48. Kf1 Kf4 49. Nxg4 Kxg4 50. Ke1 Rb2 51. Re2 Rh1+ 0-1

[Event "CAN op"]
[Site "Hamilton CAN"]
[Date "2022.07.13"]
[Round "3.24"]
[White "Rusonik, Max"]
[Black "Pickard, Ryan"]
[Result "1-0"]
[WhiteElo "2312"]
[BlackElo "1920"]
[PlyCount "61"]
[EventDate "2022.07.12"]
[EventType "swiss"]
[EventRounds "9"]
[EventCountry "CAN"]

1. e4 e5 2. Nf3 Nc6 3. Bc4 Bc5 4. c3 Nf6 5. d4 exd4 6. e5 d5 7. Bb5 Ne4 8. cxd4
Bb4+ 9. Nbd2 O-O 10. O-O Bg4 11. Qa4 Bxd2 12. Nxd2 Nxd2 13. Bxd2 Ne7 14. Bb4 c6
15. Bd3 Re8 16. Qc2 g6 17. Qd2 Be6 18. f4 Nf5 19. g4 Nxd4 20. Bc5 b6 21. Bxd4
c5 22. Bf2 Bxg4 23. Qe1 Qd7 24. Bh4 f5 25. Be2 Bxe2 26. Qxe2 c4 27. Rfd1 Rac8
28. Rd4 Kf7 29. Rad1 Rc5 30. Rxc4 Qb5 31. Rc2 1-0

[Event "CAN op"]
[Site "Hamilton CAN"]
[Date "2022.07.13"]
[Round "3.25"]
[White "Wu, Jonathan"]
[Black "Huang, Youhe"]
[Result "0-1"]
[WhiteElo "1891"]
[BlackElo "2237"]
[PlyCount "80"]
[EventDate "2022.07.12"]
[EventType "swiss"]
[EventRounds "9"]
[EventCountry "CAN"]

1. e4 e6 2. d4 d5 3. e5 c5 4. c3 Nc6 5. Nf3 Bd7 6. Be2 Nge7 7. O-O Ng6 8. Re1
Be7 9. Bd3 Rc8 10. dxc5 Bxc5 11. Bg5 Be7 12. Bxe7 Qxe7 13. Na3 O-O 14. Qd2 Nh4
15. Nxh4 Qxh4 16. Re3 f5 17. exf6 Qxf6 18. Rf3 Qe7 19. Rh3 g6 20. Rg3 Rf6 21.
Nc2 Rcf8 22. Rf1 e5 23. Ne3 Be6 24. Be2 Qf7 25. Bg4 d4 26. Bxe6 Qxe6 27. cxd4
exd4 28. Ng4 Rf4 29. f3 Qxa2 30. Nf2 Qd5 31. Nh3 R4f6 32. Qh6 Qd7 33. Ng5 Qg7
34. Qh3 Re8 35. Ne4 Rfe6 36. Qh4 d3 37. Ng5 Qd4+ 38. Qxd4 Nxd4 39. Nxe6 Ne2+
40. Kf2 Nxg3 0-1

[Event "CAN op"]
[Site "Hamilton CAN"]
[Date "2022.07.13"]
[Round "3.26"]
[White "Buscar, Michael"]
[Black "He, Emma"]
[Result "1-0"]
[WhiteElo "2223"]
[BlackElo "1903"]
[PlyCount "105"]
[EventDate "2022.07.12"]
[EventType "swiss"]
[EventRounds "9"]
[EventCountry "CAN"]

1. c4 e6 2. Nf3 d5 3. g3 Nf6 4. Bg2 c6 5. b3 Nbd7 6. O-O Be7 7. Bb2 O-O 8. d4
b6 9. Nbd2 Bb7 10. Qc2 Rc8 11. Rac1 c5 12. Qb1 Qc7 13. Rfd1 Rfd8 14. cxd5 exd5
15. dxc5 bxc5 16. b4 Qb6 17. bxc5 Nxc5 18. Bd4 Ba6 19. Bf1 h6 20. Nb3 Qb4 21.
Nxc5 Qxb1 22. Rxb1 Bxc5 23. Bxf6 gxf6 24. e3 Bxf1 25. Kxf1 Bb6 26. Rb2 Kg7 27.
Rbd2 Rc5 28. Nd4 Kg6 29. Ne2 Bc7 30. e4 d4 31. Rxd4 Rxd4 32. Nxd4 Ra5 33. Rd2
Ra4 34. Nc6 Bb6 35. Ne7+ Kg7 36. Re2 h5 37. h4 Bc7 38. Kg2 Kf8 39. Nf5 Kg8 40.
Rc2 Bb6 41. Kf3 Kh7 42. Kf4 Kg6 43. Ne7+ Kg7 44. f3 Ra3 45. Nf5+ Kg6 46. g4 Ra5
47. Ne7+ Kh6 48. gxh5 Kxh5 49. Nf5 Ra3 50. Rc8 Kg6 51. Rh8 Bc7+ 52. Kg4 Rxa2
53. h5# 1-0

[Event "CAN op"]
[Site "Hamilton CAN"]
[Date "2022.07.13"]
[Round "3.27"]
[White "Laughlin, Braden"]
[Black "Joseph Benher, Savio"]
[Result "0-1"]
[WhiteElo "1896"]
[BlackElo "2213"]
[PlyCount "38"]
[EventDate "2022.07.12"]
[EventType "swiss"]
[EventRounds "9"]
[EventCountry "CAN"]

1. e4 e6 2. d4 d5 3. exd5 exd5 4. Nf3 Bd6 5. Bd3 Nc6 6. c3 Nge7 7. Qc2 Bg4 8.
Nbd2 Qd7 9. O-O O-O-O 10. b4 Kb8 11. a4 Ng6 12. a5 Nf4 13. b5 Ne7 14. Ne5 Bxe5
15. dxe5 Bh3 16. gxh3 Qxh3 17. Be4 Ne2+ 18. Kh1 dxe4 19. Qxe4 Nxc3 0-1

[Event "CAN op"]
[Site "Hamilton CAN"]
[Date "2022.07.13"]
[Round "3.28"]
[White "Heran-Boily, Samuel"]
[Black "Rosenberg, Evan"]
[Result "0-1"]
[WhiteElo "1871"]
[BlackElo "2205"]
[PlyCount "52"]
[EventDate "2022.07.12"]
[EventType "swiss"]
[EventRounds "9"]
[EventCountry "CAN"]

1. e4 e6 2. d4 d5 3. Nc3 Bb4 4. e5 c5 5. a3 Bxc3+ 6. bxc3 Ne7 7. Qg4 Qc7 8.
Qxg7 Rg8 9. Qxh7 cxd4 10. Ne2 Nbc6 11. f4 dxc3 12. Qd3 d4 13. Nxd4 Nxd4 14.
Qxd4 Bd7 15. Rg1 Nf5 16. Qf2 Qc6 17. Bd3 Qd5 18. g4 Nd4 19. Rg3 Qh1+ 20. Bf1
Qe4+ 21. Kd1 Ba4 22. Ra2 Nxc2 23. Bd3 Nb4+ 24. Bc2 Rd8+ 25. Bd2 Bxc2+ 26. Rxc2
Qxc2+ 0-1

[Event "CAN op"]
[Site "Hamilton CAN"]
[Date "2022.07.13"]
[Round "3.29"]
[White "Moura, Eduardo"]
[Black "Liu, Zachary"]
[Result "1-0"]
[WhiteElo "2194"]
[BlackElo "1891"]
[PlyCount "61"]
[EventDate "2022.07.12"]
[EventType "swiss"]
[EventRounds "9"]
[EventCountry "CAN"]

1. c4 c6 2. d4 d5 3. cxd5 cxd5 4. Nc3 Nf6 5. Nf3 Nc6 6. e3 Bf5 7. Ne5 Qb6 8. g4
Bg6 9. h4 h5 10. Nxg6 fxg6 11. g5 Ne4 12. Nxd5 Qa5+ 13. Nc3 O-O-O 14. Bh3+ Kb8
15. O-O Nxc3 16. bxc3 Qxc3 17. Rb1 Ne5 18. Bd2 Qd3 19. dxe5 Qxd2 20. Qf3 Qd5
21. Qxd5 Rxd5 22. Bg2 Rd7 23. e6 Rc7 24. Rfc1 Rxc1+ 25. Rxc1 a5 26. a4 b6 27.
Kf1 Ka7 28. Ke1 Ka6 29. Rc7 b5 30. Rc6+ Ka7 31. axb5 1-0

[Event "CAN op"]
[Site "Hamilton CAN"]
[Date "2022.07.13"]
[Round "3.30"]
[White "Yang, Henry"]
[Black "Campbell, Brett"]
[Result "1/2-1/2"]
[WhiteElo "1863"]
[BlackElo "2189"]
[PlyCount "72"]
[EventDate "2022.07.12"]
[EventType "swiss"]
[EventRounds "9"]
[EventCountry "CAN"]

1. d4 g6 2. c4 Bg7 3. e4 d6 4. Nc3 Nd7 5. Bg5 h6 6. Be3 e5 7. d5 Ngf6 8. f3 Nh5
9. Nh3 f5 10. exf5 gxf5 11. f4 Ndf6 12. Be2 Ng4 13. Bxg4 fxg4 14. fxe5 Bxe5 15.
Qd3 Qh4+ 16. Nf2 Qf6 17. O-O-O Bf5 18. Nfe4 Qg6 19. g3 O-O 20. Bd4 Rae8 21.
Rde1 c5 22. dxc6 bxc6 23. Qd2 d5 24. cxd5 cxd5 25. Bxe5 Bxe4 26. Nxe4 Rxe5 27.
Nc3 Rfe8 28. Rxe5 Rxe5 29. Re1 Rxe1+ 30. Qxe1 d4 31. Nd1 Qc6+ 32. Kd2 Nf6 33.
Qe5 Qg2+ 34. Kd3 Qf3+ 35. Kd2 Qg2+ 36. Kd3 Qf3+ 1/2-1/2

[Event "CAN op"]
[Site "Hamilton CAN"]
[Date "2022.07.13"]
[Round "3.31"]
[White "Jiang, Hancy"]
[Black "Dorn, Paris"]
[Result "0-1"]
[WhiteElo "1855"]
[BlackElo "2175"]
[PlyCount "38"]
[EventDate "2022.07.12"]
[EventType "swiss"]
[EventRounds "9"]
[EventCountry "CAN"]

1. d4 Nf6 2. Bf4 c6 3. Nf3 Qb6 4. Qc1 d6 5. Nbd2 Nh5 6. Bg3 Nxg3 7. hxg3 g6 8.
c3 Bg7 9. e3 O-O 10. Bd3 Nd7 11. Ne4 d5 12. Neg5 h6 13. Qc2 hxg5 14. Nxg5 c5
15. O-O-O e5 16. Qe2 exd4 17. Qg4 dxc3 18. b3 Qb4 19. Rh8+ Bxh8 0-1

[Event "CAN op"]
[Site "Hamilton CAN"]
[Date "2022.07.13"]
[Round "3.32"]
[White "Leong, Ryan"]
[Black "Li, Eric"]
[Result "0-1"]
[WhiteElo "1853"]
[BlackElo "2165"]
[PlyCount "64"]
[EventDate "2022.07.12"]
[EventType "swiss"]
[EventRounds "9"]
[EventCountry "CAN"]

1. Nf3 d5 2. g3 c6 3. Bg2 Bg4 4. d4 Nf6 5. c4 e6 6. Ne5 Bf5 7. O-O Nbd7 8. Qb3
Qb6 9. Nxd7 Nxd7 10. c5 Qc7 11. Bf4 e5 12. dxe5 Nxc5 13. Qc3 Ne6 14. Nd2 g5 15.
Be3 Bg7 16. f4 gxf4 17. gxf4 O-O 18. Rac1 Qe7 19. Rf3 f6 20. Rg3 Kh8 21. Nf3
fxe5 22. fxe5 Bg6 23. Qd2 a6 24. a3 Rae8 25. h4 Rg8 26. Bh6 Be4 27. Bxg7+ Rxg7
28. Rxg7 Qxg7 29. Kf2 Rg8 30. Rg1 Qg3+ 31. Kf1 Bxf3 32. exf3 Qxe5 0-1

[Event "CAN op"]
[Site "Hamilton CAN"]
[Date "2022.07.13"]
[Round "3.33"]
[White "Yang, Jingyun (Ryan)"]
[Black "Latreille, Etienne"]
[Result "1/2-1/2"]
[WhiteElo "2141"]
[BlackElo "1888"]
[PlyCount "68"]
[EventDate "2022.07.12"]
[EventType "swiss"]
[EventRounds "9"]
[EventCountry "CAN"]

1. g3 d5 2. Nf3 Nd7 3. d4 Nb6 4. Bg2 Nf6 5. Bg5 Bf5 6. Bxf6 gxf6 7. Nbd2 Qd7 8.
O-O Bh3 9. Re1 Bxg2 10. Kxg2 f5 11. e3 f6 12. b3 Bg7 13. c4 c6 14. c5 Nc8 15.
b4 e5 16. Nh4 O-O 17. f4 a5 18. Qb3 a4 19. Qc2 e4 20. a3 Bh6 21. Qd1 Bg5 22.
Qh5 Bxh4 23. gxh4 Kh8 24. Kf2 Ne7 25. Rg1 Qe6 26. Rg3 Rg8 27. Rag1 Rxg3 28.
Rxg3 Rg8 29. Nf1 Ng6 30. Rg1 Rg7 31. Ng3 Ne7 32. Qe8+ Rg8 33. Qh5 Rg7 34. Qe8+
Rg8 1/2-1/2

[Event "CAN op"]
[Site "Hamilton CAN"]
[Date "2022.07.13"]
[Round "3.34"]
[White "Mills, Morgen"]
[Black "Wu, Benjamin"]
[Result "1-0"]
[WhiteElo "2136"]
[BlackElo "1870"]
[PlyCount "49"]
[EventDate "2022.07.12"]
[EventType "swiss"]
[EventRounds "9"]
[EventCountry "CAN"]

1. e4 c5 2. Nf3 e6 3. d4 cxd4 4. Nxd4 a6 5. Bd3 Qc7 6. O-O Nc6 7. Nxc6 bxc6 8.
c4 Nf6 9. Qe2 e5 10. Bg5 Be7 11. Nc3 O-O 12. f4 d6 13. Rac1 h6 14. Bh4 exf4 15.
c5 g5 16. Bf2 Bg4 17. Qe1 Nd7 18. Be2 Bxe2 19. Qxe2 Nxc5 20. b4 Ne6 21. Nd5 Qb7
22. Rxc6 Rfb8 23. Rfc1 Bf8 24. Rb6 Qa7 25. Rxd6 1-0

[Event "CAN op"]
[Site "Hamilton CAN"]
[Date "2022.07.13"]
[Round "3.35"]
[White "Wang, Rachel"]
[Black "Windram, James"]
[Result "0-1"]
[WhiteElo "1850"]
[BlackElo "2124"]
[PlyCount "188"]
[EventDate "2022.07.12"]
[EventType "swiss"]
[EventRounds "9"]
[EventCountry "CAN"]

1. d4 Nf6 2. c4 e6 3. Nf3 c5 4. Nc3 cxd4 5. Nxd4 d5 6. e3 dxc4 7. Bxc4 Bd7 8.
Ndb5 a6 9. Nd6+ Bxd6 10. Qxd6 b5 11. Be2 Bc6 12. Qg3 b4 13. Nb1 O-O 14. Nd2
Nbd7 15. O-O Nc5 16. Bf3 Rc8 17. Rd1 Qe7 18. b3 Nd3 19. Nc4 Nxc1 20. Raxc1 Bxf3
21. Qxf3 Nd5 22. e4 Nc3 23. Rd2 Qg5 24. Rcc2 Nb5 25. Qe3 Qxe3 26. Nxe3 Na3 27.
Rxc8 Rxc8 28. f3 g6 29. Kf2 Kf8 30. Rd4 a5 31. Nc4 e5 32. Rd5 Nxc4 33. bxc4
Rxc4 34. Rxa5 Rc2+ 35. Kg3 f6 36. Rb5 Rb2 37. Rb7 h5 38. h4 Ke8 39. f4 exf4+
40. Kxf4 Rxa2 41. Rxb4 Rxg2 42. Kf3 Rh2 43. Kg3 Rh1 44. Rb6 Ke7 45. Rb7+ Ke6
46. Rb8 Ke5 47. Re8+ Kd4 48. Re6 Rf1 49. Kg2 Rf4 50. Kg3 Ke3 51. e5 Rg4+ 52.
Kh3 f5 53. Rb6 Kf4 54. e6 Rg3+ 55. Kh2 Re3 56. e7 Rxe7 57. Rxg6 Ke3 58. Rg3+
Ke2 59. Rg2+ Kd3 60. Rg5 f4 61. Rxh5 f3 62. Kg1 Ke2 63. Rf5 Rg7+ 64. Kh2 f2 65.
Re5+ Kf1 66. Rb5 Rg2+ 67. Kh3 Rg1 68. Kh2 Ke2 69. Rb2+ Ke3 70. Rb3+ Kd4 71.
Rb4+ Kc5 72. Rf4 f1=Q 73. Rxf1 Rxf1 74. Kg3 Kd6 75. Kg4 Ke7 76. Kg5 Kf7 77. Kh5
Kg7 78. Kg4 Kh6 79. Kg3 Kh5 80. Kg2 Rb1 81. Kg3 Rb3+ 82. Kh2 Kxh4 83. Kg2 Kg4
84. Kf2 Kf4 85. Ke2 Rc3 86. Kd2 Re3 87. Kc2 Ke4 88. Kd2 Kd4 89. Kc2 Rd3 90. Kb2
Kc4 91. Kc2 Rd4 92. Kb2 Rd2+ 93. Ka3 Re2 94. Ka4 Ra2# 0-1

[Event "CAN op"]
[Site "Hamilton CAN"]
[Date "2022.07.13"]
[Round "3.36"]
[White "Kearnan, Daniel"]
[Black "Ajith, Aayush"]
[Result "0-1"]
[WhiteElo "1769"]
[BlackElo "2122"]
[PlyCount "62"]
[EventDate "2022.07.12"]
[EventType "swiss"]
[EventRounds "9"]
[EventCountry "CAN"]

1. d4 Nf6 2. Bf4 e6 3. e3 d5 4. Nf3 Bd6 5. Nbd2 c5 6. c3 Nc6 7. Bg3 O-O 8. Bd3
b6 9. e4 dxe4 10. Nxe4 Be7 11. Qe2 Bb7 12. dxc5 bxc5 13. Rd1 Qb6 14. O-O Rfe8
15. Neg5 h6 16. Ne4 Rad8 17. Bh4 Nd5 18. Bxe7 Rxe7 19. g3 Bc8 20. Rb1 e5 21.
Nh4 f5 22. Nd2 e4 23. Bc4 Ne5 24. Bxd5+ Rxd5 25. Rfd1 g5 26. Ng2 Ba6 27. c4
Red7 28. Ne1 Qd8 29. Qh5 Rxd2 30. Rxd2 Rxd2 31. Qxh6 Rd6 0-1

[Event "CAN op"]
[Site "Hamilton CAN"]
[Date "2022.07.13"]
[Round "3.37"]
[White "Moran-Venegas, Mario"]
[Black "Mendes, Aaron Reeve"]
[Result "0-1"]
[WhiteElo "1754"]
[BlackElo "2106"]
[PlyCount "134"]
[EventDate "2022.07.12"]
[EventType "swiss"]
[EventRounds "9"]
[EventCountry "CAN"]

1. c4 e5 2. g3 Nf6 3. Bg2 Bc5 4. e3 O-O 5. Ne2 e4 6. Nbc3 Re8 7. O-O Nc6 8. a3
a5 9. Qc2 Qe7 10. Nd5 Nxd5 11. cxd5 Nd8 12. Nc3 f5 13. d3 exd3 14. Qxd3 d6 15.
Bd2 Nf7 16. Rac1 Ne5 17. Qc2 Bd7 18. Na4 b6 19. Nxc5 bxc5 20. Bc3 a4 21. Rfe1
Qf7 22. Rcd1 Rab8 23. Re2 Qh5 24. Bxe5 Rxe5 25. Red2 Qf7 26. Qc3 Ree8 27. Rc1
Rb7 28. Bf1 Reb8 29. Rb1 Be8 30. Bd3 Kh8 31. Qc2 Bd7 32. Bc4 Qe8 33. Bd3 Qe5
34. h4 Rb6 35. Bf1 h6 36. Bg2 Rb3 37. Bf1 Qf6 38. Bc4 R3b6 39. Bd3 g5 40. hxg5
hxg5 41. Kg2 Kg7 42. Be2 f4 43. e4 f3+ 44. Bxf3 Bh3+ 45. Kxh3 Qxf3 46. Qc3+
Qxc3 47. bxc3 Rxb1 48. Kg4 Kg6 49. e5 R8b2 50. exd6 cxd6 51. Rd3 Rxf2 52. Re3
Rd1 53. Re6+ Rf6 54. Re4 Rxd5 55. Rxa4 Rd3 56. Ra8 Rxc3 57. Rg8+ Kf7 58. Rh8
Rxa3 59. Kh5 c4 60. Rc8 c3 61. g4 Rf2 62. Kxg5 Ra5+ 63. Kh4 Rc5 64. Rd8 c2 65.
Rxd6 c1=Q 66. Rb6 Qh1+ 67. Kg3 Qh2# 0-1

[Event "CAN op"]
[Site "Hamilton CAN"]
[Date "2022.07.13"]
[Round "3.38"]
[White "Locham, Divjot"]
[Black "Fradkin, Benjamin"]
[Result "1/2-1/2"]
[WhiteElo "1751"]
[BlackElo "2076"]
[PlyCount "105"]
[EventDate "2022.07.12"]
[EventType "swiss"]
[EventRounds "9"]
[EventCountry "CAN"]

1. e4 c6 2. d4 d5 3. Nc3 dxe4 4. Nxe4 Bf5 5. Ng3 Bg6 6. N1e2 Nd7 7. Nf4 e5 8.
Nxg6 hxg6 9. dxe5 Qa5+ 10. Bd2 Qxe5+ 11. Qe2 Qxe2+ 12. Bxe2 Ngf6 13. O-O Bc5
14. Rfe1 O-O 15. Bf3 Nd5 16. Bxd5 cxd5 17. Be3 Bxe3 18. Rxe3 Rfe8 19. Rae1 Kf8
20. Kf1 Rxe3 21. Rxe3 Rc8 22. c3 Nf6 23. f3 Nd7 24. Ke1 Nc5 25. Kd2 a5 26. Ne2
Ne6 27. Re5 Rd8 28. Nd4 Ke7 29. Nxe6 fxe6 30. Kd3 Kf6 31. f4 Rc8 32. b3 a4 33.
Kd4 axb3 34. axb3 Rh8 35. h3 Rh4 36. Ke3 Rh5 37. Kd4 Rxe5 38. fxe5+ Kf5 39. g3
b6 40. b4 g5 41. c4 dxc4 42. Kxc4 Kxe5 43. Kb5 Kd4 44. Kxb6 e5 45. b5 e4 46.
Kc6 e3 47. b6 e2 48. b7 e1=Q 49. b8=Q Qe6+ 50. Qd6+ Qxd6+ 51. Kxd6 Ke4 52. Ke6
Kf3 53. Kf5 1/2-1/2

[Event "CAN op"]
[Site "Hamilton CAN"]
[Date "2022.07.13"]
[Round "3.39"]
[White "Egorov, Mikhail"]
[Black "Cater, Brendan"]
[Result "0-1"]
[WhiteElo "2055"]
[BlackElo "1860"]
[PlyCount "52"]
[EventDate "2022.07.12"]
[EventType "swiss"]
[EventRounds "9"]
[EventCountry "CAN"]

1. e4 e5 2. Nf3 Nf6 3. Nc3 Nc6 4. d4 exd4 5. Nxd4 Bb4 6. Nxc6 bxc6 7. Bd3 d5 8.
exd5 Qe7+ 9. Be3 cxd5 10. O-O O-O 11. Bg5 Be6 12. Ne2 Bd6 13. Ng3 h6 14. Bd2
Ng4 15. h3 Bxg3 16. hxg4 Bd6 17. g5 f5 18. Qh5 hxg5 19. Bxg5 Qf7 20. Qf3 Rab8
21. b3 Rb4 22. Rae1 Rg4 23. Qe3 Bd7 24. f4 Re8 25. Qf2 Bb4 26. Re5 Rxe5 0-1

[Event "CAN op"]
[Site "Hamilton CAN"]
[Date "2022.07.13"]
[Round "3.40"]
[White "Zhao, Jeffrey Renfei"]
[Black "Kaye, Olya"]
[Result "1-0"]
[WhiteElo "2020"]
[BlackElo "1854"]
[PlyCount "55"]
[EventDate "2022.07.12"]
[EventType "swiss"]
[EventRounds "9"]
[EventCountry "CAN"]

1. e4 d6 2. d4 Nf6 3. Nc3 g6 4. Be3 a6 5. f3 b5 6. Qd2 Bb7 7. Nge2 Nbd7 8. d5
c6 9. dxc6 Bxc6 10. Nd4 Bb7 11. a4 b4 12. Na2 a5 13. Bb5 Bg7 14. c3 bxc3 15.
Nxc3 O-O 16. Bh6 Nc5 17. Rd1 Qb6 18. h4 Ba6 19. h5 Bxb5 20. axb5 e5 21. Bxg7
Kxg7 22. Nf5+ Kh8 23. Qh6 Rg8 24. Nd5 Qd8 25. hxg6 Rxg6 26. Nxf6 Rxh6 27. Rxh6
Qg8 28. Nxg8 1-0

[Event "CAN op"]
[Site "Hamilton CAN"]
[Date "2022.07.13"]
[Round "3.41"]
[White "Zaka, Mohid"]
[Black "Richard, Leo"]
[Result "0-1"]
[WhiteElo "1749"]
[BlackElo "2014"]
[PlyCount "68"]
[EventDate "2022.07.12"]
[EventType "swiss"]
[EventRounds "9"]
[EventCountry "CAN"]

1. d4 Nf6 2. c4 c5 3. e3 e6 4. g3 cxd4 5. exd4 d5 6. cxd5 Nxd5 7. Bg2 Nc6 8.
Nc3 Be7 9. Nge2 O-O 10. O-O Bf6 11. h3 Nde7 12. d5 exd5 13. Nxd5 Nxd5 14. Qxd5
Qxd5 15. Bxd5 Bxh3 16. Bg2 Bf5 17. Nc3 Nb4 18. Bxb7 Rab8 19. Be4 Bh3 20. Bf4
Bxf1 21. Bxb8 Rxb8 22. Kxf1 Na6 23. Rb1 Nc5 24. Bc2 Bxc3 25. bxc3 Rxb1+ 26.
Bxb1 Na4 27. c4 Nc3 28. c5 Nxb1 29. c6 Nd2+ 30. Ke2 Nc4 31. Kd3 Nb6 32. Kd4 Kf8
33. a4 Nxa4 34. Kd5 Ke7 0-1